000 00518nam a2200181Ia 4500
003 GCL
008 140319s9999 xx 000 0 eng d
040 _aGCL /
_cGCL
082 0 4 _a629.8951
_bH M
100 1 _aHINTZ, KENNETG J.
245 1 0 _aMICROCONTROLLERS: ARCHITECTURE, IMPLEMENTATION AND PROGRAMMING /
_cHINTZ, KENNETG J.
700 1 _aTABAK, DANIEL
260 _a[S.N] :
_bMC GRAW - HILL ،
_c1992
300 _a483 P
650 0 4 _aPROGRAMMABLE CONTROLLERS
650 0 4 _aMICRO PROCESSORS
942 _2ddc
_cBK
999 _c21036
_d21036